| 000 | 00421pab a2200157 454500 | ||
|---|---|---|---|
| 008 | 180718b1972 xxu||||| |||| 00| 0 eng d | ||
| 100 | _aSadasivan, S.N. | ||
| 245 | _aDistrict level coordination in India: The Madras experience | ||
| 260 | _c1972 | ||
| 300 | _ap.78-96. | ||
| 362 | _aJan-Mar | ||
| 650 | _aDistrict administration | ||
| 773 | _aIndian Journal of Public Administration | ||
| 908 | _aN | ||
| 909 | _a99947 | ||
| 999 |
_c99946 _d99946 |
||